000 01548nam0a22003371 4500
001 RU\INFOCOMM_322\NLR\5000276782
005 20250614080927.0
035 _a(NLR Aleph) 010622882
090 _a10608798
_c10608798
100 _a20130328d1976 |||y0rusy50 ca
101 0 _aeng
102 _aRU
105 _ay z||||
200 1 _aOn the influence of massless scalar and vector electromagnetic fields on the singularity character in anisotropic cosmology
_fV. A. Ruban
210 _aL.
_d1976
215 _a18 с.
_d20 см
225 1 _aˆ[‰Preprint]
_fAcad. of sciences of the USSR. Leningrad nuclear physics inst.
_v291
300 _aРез. на рус. яз.
300 _aНа обороте тит. л.: В. А. Рубан. О влиянии безмассовых скалярного и векторного электромагнитного полей на характер сингулярности в анизотропной космологии. Доложена на IV Совет. гравитац. конф.. Минск, 1976 г.
300 _aНа обл. надзаг. на рус. яз.
320 _aБиблиогр.: с. 17-18
606 0 _aКосмология релятивистская
_xМодели анизотропные
_2nlr_sh1
620 _aСанкт-Петербург
686 _aА1-25
_2rubbk
686 _aˆ[‰В632.9]
_2rubbk
700 1 _aRuban
_bV. A.
801 1 _aRU
_bInfocomm
_c20130328
801 0 _aRU
_bINFOCOMM
_gPSBO
852 _aNLR
_jА01 Д-4/114
942 _cBOOK
980 _aNB